|
|
|
|
| LEADER |
00000nam0a2200000 4500 |
| 001 |
210103 |
| 005 |
20231101225606.0 |
| 010 |
|
|
|a 9785944581112
|
| 035 |
|
|
|a (RuTPU)RU\TPU\book\229471
|
| 035 |
|
|
|a RU\TPU\book\157130
|
| 090 |
|
|
|a 210103
|
| 100 |
|
|
|a 20120220d2010 k y0engy50 ba
|
| 101 |
0 |
|
|a eng
|
| 102 |
|
|
|a RU
|
| 105 |
|
|
|a a z 101zy
|
| 200 |
1 |
|
|a 16th International Symposium on High Current Electronics, Tomsk, 19-24 September 2010
|e proceedings
|f Tomsk Polytechnic University (TPU) ; ed. B. Kovalchuk , G. Remnev
|
| 210 |
|
|
|a Tomsk
|c Institute of High Current Electronics
|d 2010
|
| 215 |
|
|
|a 628 p.
|c il.
|
| 320 |
|
|
|a Author Index: p. 615-617.
|
| 606 |
1 |
|
|a Сильноточная электроника
|x (физика)
|2 stltpush
|3 (RuTPU)RU\TPU\subj\54819
|9 72900
|
| 610 |
1 |
|
|a электронные лучи
|
| 610 |
1 |
|
|a эмиссия
|
| 610 |
1 |
|
|a плазменные источники
|
| 610 |
1 |
|
|a радиационные источники
|
| 610 |
1 |
|
|a пульсаторы
|
| 610 |
1 |
|
|a микроволны
|
| 610 |
1 |
|
|a применение
|
| 610 |
1 |
|
|a медицина
|
| 610 |
1 |
|
|a химия
|
| 610 |
1 |
|
|a биология
|
| 610 |
1 |
|
|a конференции
|
| 610 |
1 |
|
|a английский язык
|
| 675 |
|
|
|a 537.533.2(063)
|v 3
|
| 702 |
|
1 |
|a Kovalchuk
|b B.
|g Boris
|4 340
|
| 702 |
|
1 |
|a Remnev
|b G.
|g Gennady
|4 340
|
| 712 |
0 |
2 |
|a Tomsk Polytechnic University (TPU)
|2 stltpush
|3 (RuTPU)RU\TPU\col\452
|
| 712 |
1 |
2 |
|a International Symposium on High Current Electronics
|d 16
|e Tomsk
|f 2010
|
| 801 |
|
1 |
|a RU
|b 63413507
|c 20081010
|g PSBO
|
| 801 |
|
2 |
|a RU
|b 63413507
|c 20121120
|g PSBO
|
| 942 |
|
|
|c BK
|